World Cities Closest to Algiers - One Minute Sprint - Statistics

General Stats
  • This quiz has been taken 42 times
  • The average score is 12 of 20
Answer Stats
km city miles % Correct
638 Tunis 396
92%
714 Madrid 444
89%
993 Rome 617
87%
1030 Casablanca 640
84%
949 Rabat 590
84%
1017 Tripoli 632
79%
521 Barcelona 324
76%
1075 Naples 668
68%
1094 Lisbon 680
63%
1165 Marrakesh 724
58%
805 Seville 500
58%
427 Valencia 265
58%
1097 Milan 692
55%
350 Oran 218
47%
790 Fes 491
45%
755 Marseille 469
45%
1005 Turin 624
34%
1122 Porto 697
29%
1015 Lyon 631
24%
667 Málaga 415
24%
No matching quizzes found
Score Distribution
Percent of People with Each Score
Percentile by Number Answered
Your Score History
You have not taken this quiz